000 01072nam a2200289 4500
001 5254
003 BD-RjUL
005 20211208234033.0
008 131224s1973 bg b 001 0 eng
035 _a(BD-RjUL)5290
040 _aDLC
_cDLC
_dDLC
_dBD-RjUL
_beng
041 _aeng
082 0 0 _a352.0549
_bABL
100 1 _aAbedin, Najmul.
_916522
245 1 0 _aLocal administration and politics in modernising societies: Bangladesh and Pakistan.
260 _aDacca,
_bNational Institute of Public Administration; distributor: Oxford University Press
_cc1973.
300 _axxvi, 458 p. ;
_c22 cm.
350 _a$4.00 (U.S.)
500 _aA revised and updated ed. of the author's thesis entitled The working of district administration in Pakistan: 1947-1964, submitted to the University of Durham in 1969.
500 _aVita.
504 _aIncludes Bibliography: p. [426]-453 and index.
650 0 _aLocal government
_zBangladesh.
_97800
650 0 _aLocal government
_zPakistan.
_916523
942 _2ddc
_cBK
999 _c5254
_d5254